| Поле | Инд. | ПП | Название | Значение |
|---|---|---|---|---|
| Тип записи | a | |||
| Библиографический уровень | b | |||
| 001 | Контрольный номер | RU/IS/BASE/214058869 | ||
| 005 | Дата корректировки | 20200522191043.9 | ||
| 008 | Кодируемые данные | 20061013 | ||
| 040 | b | Код языка каталог. | rus | |
| e | Правила каталог. | PSBO | ||
| 041 | 0_ | a | Код языка текста | rus |
| 084 | a | Индекс другой классификации/Индекс ББК | 65.5(051)-551 | |
| 100 | 1_ | a | Автор | Ленчук Е. Б. |
| q | Полное имя | Ленчук Елена Борисовна | ||
| 245 | 10 | a | Заглавие | Проблемы перехода к инновационной модели развития в странах постсоветского пространства |
| 504 | a | Библиография | Лит. в конце статьи | |
| 650 | a | Основная рубрика | мировая экономика | |
| a | Основная рубрика | экономика | ||
| 653 | 1_ | a | Ключевые слова | Белоруссия |
| a | Ключевые слова | валовой внутренний продукт (ВВП) | ||
| a | Ключевые слова | глобализация экономики | ||
| a | Ключевые слова | инновационная политика | ||
| a | Ключевые слова | инновационная экономика | ||
| a | Ключевые слова | инновационное развитие | ||
| a | Ключевые слова | Казахстан | ||
| a | Ключевые слова | научно-технический потенциал | ||
| a | Ключевые слова | национальная инновационная система | ||
| a | Ключевые слова | прямые иностранные инвестиции | ||
| a | Ключевые слова | Россия | ||
| a | Ключевые слова | Содружество Независимых Государств (СНГ) | ||
| a | Ключевые слова | финансирование инноваций | ||
| 773 | 0_ | t | Заглавие источника | Проблемы прогнозирования |
| d | Дата издания источника | 2006 | ||
| g | Прочая информация | № 4. - С. 126 - 144 : 4 табл. | ||
| w | Контрольный № источника | RU/IS/BASE/207762247 | ||
| 901 | t | Тип документа | b |